| 000 | 00710nam a2200205 i 4500 | ||
|---|---|---|---|
| 001 | 78612 | ||
| 003 | ES-MaACL | ||
| 005 | 20250929063132.0 | ||
| 007 | t| | ||
| 008 | 041015s1907 fr ||||1| fre d | ||
| 100 | 1 |
_aHébert, Marcel, _d1851-1916 _962264 |
|
| 245 | 1 | 3 |
_aLe divin, expériences et hypothèses _b: études psychologiques / _cpar Marcel Hébert. |
| 260 |
_aParis : _bF. Alcan, _c1907 ( _eEvreux : _fCh. Herissey et Fils) |
||
| 300 |
_a316 p. ; _c22 cm. |
||
| 490 | 1 | _aBibliothèque de philosophie contemporaine | |
| 650 | 0 | 7 |
_aPsicología religiosa _2embne _916571 |
| 830 | 0 |
_aBibliothèque de philosophie contemporaine _9181027 |
|
| 852 |
_aES-MaACL _jB-6589 |
||
| 999 |
_c78612 _d78612 |
||